Integral calculus / (Record no. 40031)

MARC details
000 -LEADER
fixed length control field 00744nam a22002057a 4500
005 - DATE AND TIME OF LATEST TRANSACTION
control field 20100807123234.0
010 ## - LCCN (DPL NO)
LC control number ENG-98857
020 ## - INTERNATIONAL STANDARD BOOK NUMBER
International Standard Book Number 8190819916
Terms of availability 110.00
035 ## - SYSTEM CONTROL NUMBER
System control number EN-82389
037 ## - SOURCE OF ACQUISITION
Source of stock number/acquisition DBAD/PUB
082 ## - DEWEY DECIMAL CLASSIFICATION NUMBER
Classification number 517.3
100 ## - MAIN ENTRY--PERSONAL NAME
Personal name Sivakumar,S
245 ## - TITLE STATEMENT
Title Integral calculus /
Statement of responsibility, etc by S Sivakumar
260 ## - PUBLICATION, DISTRIBUTION, ETC. (IMPRINT)
Place of publication, distribution, etc Tamil Nadu
Name of publisher, distributor, etc S Velu Publishers
Date of publication, distribution, etc 2009
270 ## - ADDRESS
Address 1 South Street Adhivaraganatham Bhuvanagiri
City Chidambaram, Tamil Nadu
Postal code 608601
300 ## - PHYSICAL DESCRIPTION
Extent 151p
Dimensions 24cm(pbk)
500 ## - GENERAL NOTE
General note Includes bibliographical references
942 ## - ADDED ENTRY ELEMENTS (KOHA)
Source of classification or shelving scheme Dewey Decimal Classification
Item type English Books
Classification part 517.3
Call number suffix SIV
Holdings
Withdrawn status Lost status Not for loan Collection code Home library Current library Date acquired Source of acquisition Cost, normal purchase price Full call number Barcode Copy number Cost, replacement price Koha item type
    Not For Loan Non-fiction D.B.Act.Division D.B.Act.Division 07/08/2010 DBAD/PUB 110.00 517.3 SIV EN-82389 1 110.00 English Books

© Delhi Public Library
Hit Counter
free hit counter